Okullarda şiddetin önlenmesi, mevcut uygulamalar ve sonuçları (Record no. 6092)
[ view plain ]
| 000 -BAŞLIK | |
|---|---|
| Sabit Uzunlukta Kontrol Alanı | 00663na a2200205 4500 |
| 001 - KONTROL NUMARASI | |
| Denetim Alanı | 19133 |
| 003 - KONTROL NUMARASI IDENTIFIER | |
| Denetim Alanı | MIRAKIL |
| 005 - SON İŞLEM TARİHİ VE ZAMANI | |
| Denetim Alanı | 20181213155056.0 |
| 008 - SABİT-BOY VERİ ELEMANLARI - GENEL BİLGİLER | |
| Sabit Uzunlukta Kontrol Alanı | 161208b tu 000 0 |
| 040 ## - KATALOGLAMA KAYNAK | |
| Orijinal Kataloglama Ajansı | Milas |
| Kataloglama Dili | tur |
| Metne Dönüştürmek Ajansı | TR-AnCHP |
| 041 ## - DİL KODU | |
| Metin / Ses Parça Veya Ayrı Başlığın Dil Kodu | tur |
| 082 ## - DEWEY ONLU SINIFLANDIRMA NUMARASI | |
| Sınıflandırma Numarası | 371.782 |
| Ürün Numarası | O48 2007 |
| 090 ## - SINIFLAMA NUMARASI | |
| Sınıflama Numarası | 371.782 O48 2007 |
| 245 ## - BAŞLIK TABLOSU | |
| Başlık | Okullarda şiddetin önlenmesi, mevcut uygulamalar ve sonuçları |
| Sorumluluk Tablosu, Vb | ed.: Selahattin Gelbal. |
| 260 ## - YAYIN, DAĞITIM, VB | |
| Yayın, Dağıtım, Vb Yeri | Ankara |
| Yayıncı, Dağıtıcı, Vs Adı | Türk Eğitim Derneği |
| Yayın, Dağıtım, Vb Tarihi | 2007 |
| 300 ## - FİZİKSEL TANIM | |
| Kapsam | 172 s. |
| Diğer Fiziksel Ayrıntıları | res.,tbl.; |
| Boyutlar | 24 sm. |
| 650 ## - KONU KATMA GİRİŞ - TOPİKAL DÖNEM | |
| Topikal Süreli Veya Coğrafi Ad Giriş Elemanı | Okul organizasyonu ve yönetim |
| Genel Alt Bölümü | Şiddeti azaltmak için uygulanan programlar |
| Coğrafi Alt Bölümü | Türkiye |
| 700 ## - KATMA GİRİŞ - KİŞİSEL İSİM | |
| Kişisel Ad | Gelbal, Selahattin |
| 942 ## - EKLENDİ GİRİŞ ELEMANLARI (KOHA) | |
| Sınıflandırma Veya Raf Düzeni Kaynak | Dewey Decimal Classification |
| Koha Öğesi Türü | Books |
| 999 ## - SİSTEM KONTROL NUMARALARI (KOHA) | |
| Koha Biblionumber | 6092 |
| Koha Biblioitemnumber | 6092 |
| Kalıcı Konum | Mevcut Konum | Edinme Tarihi | Edinim Kaynak | Toplam Check-Out'Lar | Tam Çağrı Numarası | Barkod | Tarih Son Görülme | İtibaren Geçerli Fiyatlar | Koha Öğesi Türü |
|---|---|---|---|---|---|---|---|---|---|
| CHP Kütüphanesi | CHP Kütüphanesi | 12/08/2016 | Bağış | 371.782 O48 2007 | 010211 | 12/08/2016 | 12/08/2016 | Books |
